000 00430nam a2200169Ia 4500
003 GCL
008 140319s9999 xx 000 0 eng d
040 _aGCL /
_cGCL
082 0 4 _aCC
_b932
_bW H
100 1 _aWEIGALL, ARTHUR
245 1 0 _aHISTOIRE DE L'EGYPTE ANCIENNE /
_cWEIGALL, ARTHUR
260 _a[S.N] :
_bPAYOT ،
_c1935
300 _a252 P
650 0 4 _aEGYPTOLOGY
650 0 4 _aEGYPT - ANTIQUITIES
942 _2ddc
_cBK
999 _c20370
_d20370